| 000 | 01397cam a2200409 a 4500 | ||
|---|---|---|---|
| 001 | 640464 | ||
| 003 | OSt | ||
| 005 | 20140310182752.0 | ||
| 008 | 930327s1992 nyua b 000 0 eng | ||
| 010 | _a 93132088 | ||
| 020 |
_a067172262X _c$3.99 ($4.99 Can.) |
||
| 040 |
_aDLC _cDLC _dDLC |
||
| 043 | _ae-dk--- | ||
| 050 | 0 | 0 |
_aPR 2807 _b.Sh527 1992 |
| 082 | 0 | 0 |
_aM 822.33S7 _bSh1 1992 |
| 100 | 1 |
_aShakespeare, William, _d1564-1616. _917726 |
|
| 245 | 1 | 4 |
_aThe tragedy of Hamlet, prince of Denmark / _cShakespeare, William |
| 260 |
_aNew York : _bWashington Square Press _cc1992. |
||
| 300 |
_aliii, 342 p. _bill. ; _c18 cm. |
||
| 440 | 4 |
_aThe New Folger Library Shakespeare _911134 |
|
| 504 | _aIncludes bibliographical references. | ||
| 521 | _aCollege Students | ||
| 526 | _c1210L-1700L | ||
| 541 | _j1 | ||
| 562 | _e1 | ||
| 650 | 0 |
_aHamlet (Legendary character) _vDrama. _917727 |
|
| 650 | 0 |
_aKings and rulers _xSuccession _vDrama. _917728 |
|
| 650 | 0 |
_aMurder victims' families _vDrama. _917729 |
|
| 650 | 0 |
_aFathers _xDeath _vDrama. _917730 |
|
| 650 | 0 |
_aRevenge _vDrama. _917731 |
|
| 650 | 0 |
_aPrinces _vDrama. _917732 |
|
| 651 | 0 |
_aDenmark _vDrama. _917733 |
|
| 655 | 7 |
_aTragedies. _2gsafd _97803 |
|
| 906 |
_a7 _bcbc _corignew _d3 _encip _f19 _gy-gencatlg |
||
| 942 |
_2lcc _cBK _kM |
||
| 999 |
_c15758 _d15758 |
||